| 000 | 01059nam a2200217Ia 4500 | ||
|---|---|---|---|
| 003 | Ost | ||
| 005 | 20260507075725.0 | ||
| 008 | 260507s9999||||xx |||||||||||||| ||und|| | ||
| 020 | _a2379279977 | ||
| 040 | _cfsecg | ||
| 041 | _aara | ||
| 082 | _a658.405 | ||
| 100 |
_aعثمان، فاروق السيد _eمؤلف |
||
| 245 | 0 |
_aالتفاوض وادراة الازمات / _c فاروق السيد عثمان |
|
| 260 |
_aالقاهرة: _bدار الامين طبع, _c2004 |
||
| 300 |
_a163 صفحة؛ _c23 سم |
||
| 504 | _aبيبليوغرافيا : ص. 161 | ||
| 520 | _aسيكولوجية التفاوض ؛ استراتجية تنمية المهارات السلوكية في العملية التفاوضية ؛ الجوانب الدافعية والوجدانية في عملية التفاوض ؛دور القايدة والمزاج في العملية التفاوضية ؛ سكولوجية ادارة الازمات والاتصال في الموقف التفاوضي | ||
| 653 | _aادارة ازمات- تفاوض | ||
| 942 | _cكتاب | ||
| 999 |
_c45973 _d45973 |
||